[Event "CAN-op"]
[Site "Toronto CAN"]
[Date "2010.07.14"]
[Round "5"]
[White "Wang, Richard"]
[Black "Olden-Cooligan, Ben"]
[Result "1-0"]
[WhiteElo "2318"]
[BlackElo "1888"]
[PlyCount "57"]
[GameId "2160767909915411"]
[EventDate "2010.07.10"]
[EventType "swiss"]
[EventRounds "9"]
[EventCountry "CAN"]

1. d4 d5 2. Nf3 Nf6 3. e3 Bf5 4. c4 c6 5. Nc3 e6 6. Nh4 Bg6 7. Nxg6 hxg6 8. Bd2 Nbd7 9. c5 Qc7 10. g3 e5 11. Be2 Be7 12. b4 Nf8 13. f4 exd4 14. exd4 Ne6 15. Be3 O-O 16. O-O b6 17. Qc2 Rfe8 18. Bf2 bxc5 19. bxc5 Rab8 20. Rfb1 Rxb1+ 21. Rxb1 Rb8 22. Re1 Rb4 23. Qd2 Qa5 24. Rb1 Rxd4 25. Bxd4 Nxd4 26. Kf1 Bxc5 27. Ne4 Qxd2 28. Rb8+ Kh7 29. Ng5+ 1-0

[Event "CAN-op"]
[Site "Toronto CAN"]
[Date "2010.07.16"]
[Round "7"]
[White "Wang, Richard"]
[Black "Gluckie, Jamin"]
[Result "1/2-1/2"]
[WhiteElo "2190"]
[BlackElo "2077"]
[PlyCount "64"]
[GameId "2160767909915480"]
[EventDate "2010.07.10"]
[EventType "swiss"]
[EventRounds "9"]
[EventCountry "CAN"]
[SourceTitle "CBM 137 Extra"]
[Source "ChessBase"]
[SourceDate "2010.09.01"]
[SourceVersion "1"]
[SourceVersionDate "2010.09.01"]
[SourceQuality "1"]

1. d4 e6 2. Nf3 f5 3. g3 Nf6 4. Bg2 Be7 5. O-O O-O 6. c4 d6 7. Nc3 Ne4 8. Qc2 Nxc3 9. bxc3 Nc6 10. e4 e5 11. c5 fxe4 12. Qxe4 d5 13. Qe2 e4 14. Nd2 Bf6 15. Nb3 Bf5 16. Be3 Qd7 17. Rae1 Bg4 18. Qd2 Bf3 19. Bf4 Bxg2 20. Kxg2 Ne7 21. f3 exf3+ 22. Rxf3 Ng6 23. Nc1 Qg4 24. Rf2 Rae8 25. Rxe8 Rxe8 26. Nd3 c6 27. Kf1 Nxf4 28. Nxf4 Bg5 29. Qd3 Bxf4 30. Rxf4 Qh3+ 31. Kg1 Qe6 32. Kg2 Qe2+ 1/2-1/2

[Event "CAN-op"]
[Site "Toronto CAN"]
[Date "2010.07.17"]
[Round "8"]
[White "Ferreira, Alex"]
[Black "Wang, Richard"]
[Result "1/2-1/2"]
[WhiteElo "2054"]
[BlackElo "2318"]
[PlyCount "69"]
[GameId "2160767909915487"]
[EventDate "2010.07.10"]
[EventType "swiss"]
[EventRounds "9"]
[EventCountry "CAN"]

1. d4 d5 2. c4 c6 3. cxd5 cxd5 4. Nc3 Nf6 5. Nf3 Nc6 6. Bf4 Bf5 7. e3 e6 8. Bd3 Bxd3 9. Qxd3 Be7 10. O-O O-O 11. Qb5 Qd7 12. Ne5 Nxe5 13. Bxe5 a6 14. Qxd7 Nxd7 15. Bg3 Rfc8 16. Rfc1 h5 17. h4 Nb6 18. b3 Ba3 19. Rc2 Nd7 20. Rd1 b5 21. Rdd2 Bb4 22. Rd3 Rc6 23. f3 Rac8 24. Be1 Kf8 25. Kf1 Be7 26. Rb2 Bxh4 27. Bxh4 Rxc3 28. Rxc3 Rxc3 29. Ke2 f5 30. Be1 Rc6 31. a4 Rb6 32. Rc2 bxa4 33. bxa4 Ke7 34. a5 Rb5 35. Rc7 1/2-1/2

[Event "CAN-op"]
[Site "Toronto CAN"]
[Date "2010.07.18"]
[Round "9"]
[White "Wang, Richard"]
[Black "Nahutin, Yevgeni"]
[Result "1-0"]
[WhiteElo "2190"]
[BlackElo "2033"]
[PlyCount "69"]
[GameId "2160767909915550"]
[EventDate "2010.07.10"]
[EventType "swiss"]
[EventRounds "9"]
[EventCountry "CAN"]
[SourceTitle "CBM 137 Extra"]
[Source "ChessBase"]
[SourceDate "2010.09.01"]
[SourceVersion "1"]
[SourceVersionDate "2010.09.01"]
[SourceQuality "1"]

1. d4 e6 2. Nf3 Nf6 3. e3 Be7 4. Bd3 O-O 5. O-O d5 6. Nbd2 c5 7. b3 Nc6 8. Bb2 Nb4 9. Be2 cxd4 10. exd4 Qc7 11. c4 b6 12. Ne5 Bb7 13. a3 Nc6 14. Rc1 Rac8 15. cxd5 Nxd5 16. Nxc6 Bxc6 17. Ba6 Bd6 18. Bxc8 Bxh2+ 19. Kh1 Ne3 20. Rxc6 Qxc6 21. fxe3 Bb8 22. Ba6 b5 23. e4 Qxa6 24. e5 Bc7 25. Qf3 f5 26. Rc1 Ba5 27. b4 Rc8 28. bxa5 Rxc1+ 29. Bxc1 Qc8 30. Nb3 Qc2 31. d5 Qc4 32. d6 Qh4+ 33. Kg1 Qe1+ 34. Qf1 Qxe5 35. Qd1 1-0

[Event "CYCC U12"]
[Site "Windsor CAN"]
[Date "2010.07.06"]
[Round "1"]
[White "Yang, Bryant"]
[Black "Wang, Richard"]
[Result "0-1"]
[WhiteElo "1500"]
[BlackElo "2318"]
[PlyCount "132"]
[GameId "2160767909915764"]
[EventDate "2010.07.06"]
[EventType "swiss"]
[EventRounds "7"]
[EventCountry "CAN"]
[SourceTitle "EXT 2012"]
[Source "ChessBase"]
[SourceDate "2011.11.24"]
[SourceVersion "1"]
[SourceVersionDate "2011.11.24"]
[SourceQuality "1"]

1. e4 c5 2. Nf3 d6 3. d4 cxd4 4. Nxd4 Nf6 5. Nc3 g6 6. f4 Nc6 7. Nxc6 bxc6 8. e5 Nd7 9. exd6 exd6 10. Be3 Qe7 11. Qd2 Bg7 12. O-O-O O-O 13. Bd4 d5 14. Bxg7 Kxg7 15. g3 Nf6 16. Bg2 Be6 17. Rhe1 Qb4 18. Ne2 Qxd2+ 19. Rxd2 c5 20. c4 Rad8 21. cxd5 Bxd5 22. Red1 Rde8 23. Bxd5 Nxd5 24. Rxd5 Rxe2 25. R1d2 Re1+ 26. Kc2 Rc8 27. Rd7 a6 28. R7d6 c4 29. Rxa6 Re3 30. Kd1 c3 31. bxc3 Rexc3 32. Ra7 Rc1+ 33. Ke2 R8c2 34. a4 Rxd2+ 35. Kxd2 Rh1 36. a5 Rxh2+ 37. Ke3 Ra2 38. a6 Ra3+ 39. Kf2 h5 40. Ra8 Kf6 41. Ra7 Ke6 42. Kg2 f6 43. Ra8 Kf5 44. Kh3 Ra1 45. a7 Ra2 46. Rb8 Rxa7 47. Rb5+ Ke6 48. g4 Ra3+ 49. Kh4 hxg4 50. Kxg4 f5+ 51. Kg5 Rg3+ 52. Kh6 Rg4 53. Rb4 Kd5 54. Ra4 Kc5 55. Ra6 Kd4 56. Rxg6 Ke4 57. Ra6 Kxf4 58. Ra4+ Kg3 59. Ra3+ Kh4 60. Ra1 Rg3 61. Rh1+ Kg4 62. Rf1 f4 63. Kg6 f3 64. Kf6 Kf4 65. Re1 f2 66. Re5 Rg6+ 0-1

[Event "CYCC U12"]
[Site "Windsor CAN"]
[Date "2010.07.06"]
[Round "2"]
[White "Wang, Richard"]
[Black "Ye, Hanyuan"]
[Result "1-0"]
[WhiteElo "2318"]
[BlackElo "1670"]
[PlyCount "71"]
[GameId "2160767909915785"]
[EventDate "2010.07.06"]
[EventType "swiss"]
[EventRounds "7"]
[EventCountry "CAN"]
[SourceTitle "EXT 2012"]
[Source "ChessBase"]
[SourceDate "2011.11.24"]
[SourceVersion "1"]
[SourceVersionDate "2011.11.24"]
[SourceQuality "1"]

1. d4 e6 2. Nf3 c5 3. e3 Nf6 4. Bd3 d5 5. b3 cxd4 6. exd4 Bb4+ 7. c3 Bd6 8. O-O O-O 9. Re1 h6 10. Ne5 Nc6 11. f4 Nd7 12. Qh5 Be7 13. Nd2 Ncxe5 14. fxe5 f5 15. Qg6 Rf7 16. Nf3 Nf8 17. Qg3 g5 18. h3 Rg7 19. Bd2 h5 20. Re2 g4 21. Bh6 Rg6 22. Bxf8 Kxf8 23. hxg4 hxg4 24. Nh2 Bh4 25. Qf4 Bg5 26. Qf2 Rh6 27. Nxg4 Bh4 28. Qf3 Rg6 29. Rf1 Qg5 30. Nf6 Qh6 31. Qf4 Bxf6 32. exf6 Qxf4 33. Rxf4 Rxf6 34. g4 Rg6 35. Rg2 Rxg4 36. Rgxg4 1-0

[Event "CYCC U12"]
[Site "Windsor CAN"]
[Date "2010.07.07"]
[Round "3"]
[White "Zhang, Kevin Z"]
[Black "Wang, Richard"]
[Result "0-1"]
[WhiteElo "1756"]
[BlackElo "2318"]
[PlyCount "132"]
[GameId "2160767909964957"]
[EventDate "2010.07.06"]
[EventType "swiss"]
[EventRounds "7"]
[EventCountry "CAN"]

1. Nf3 d5 2. d4 Nf6 3. e3 Bf5 4. c4 c6 5. Nc3 e6 6. cxd5 exd5 7. Be2 Bd6 8. Nh4 Bg6 9. O-O Nbd7 10. Nxg6 hxg6 11. f4 Qe7 12. Qc2 O-O 13. Rf3 Rfe8 14. Bd3 Nf8 15. Qf2 Ng4 16. Qg3 f5 17. Bd2 Kf7 18. h3 Nf6 19. Qe1 Ne6 20. Kf1 Rh8 21. Qf2 Ng4 22. Qg1 Nf6 23. Ne2 Ne4 24. Bxe4 dxe4 25. Rf2 Nc7 26. Nc3 Rac8 27. Ke2 Nd5 28. Qd1 Nb4 29. a3 Nd3 30. Rf1 Qh4 31. Be1 Qh5+ 32. Kd2 Qxd1+ 33. Nxd1 c5 34. d5 b5 35. Kc2 a6 36. Nf2 c4 37. Bc3 Rc5 38. Nxd3 cxd3+ 39. Kd2 Rxd5 40. b4 Rc8 41. Rac1 a5 42. g3 Rc4 43. Rb1 axb4 44. axb4 Be7 45. Rfc1 Rd8 46. Rb2 Rdc8 47. Rb3 Bf6 48. Ra3 Bxc3+ 49. Rcxc3 Rxc3 50. Rxc3 Rxc3 51. Kxc3 Ke6 52. Kd2 Kd5 53. Kc3 d2 54. Kxd2 Kc4 55. g4 Kxb4 56. Kc2 Kc4 57. gxf5 gxf5 58. h4 g6 59. Kd2 Kb3 60. Ke2 Kc2 61. Kf2 b4 62. Kg3 b3 63. h5 gxh5 64. Kh4 b2 65. Kxh5 b1=Q 66. Kg5 Qb5 0-1

[Event "CYCC U12"]
[Site "Windsor CAN"]
[Date "2010.07.07"]
[Round "4"]
[White "Wang, Richard"]
[Black "Lin, Tony (Juntao)"]
[Result "1/2-1/2"]
[WhiteElo "2318"]
[BlackElo "1882"]
[PlyCount "92"]
[GameId "2160767909964974"]
[EventDate "2010.07.06"]
[EventType "swiss"]
[EventRounds "7"]
[EventCountry "CAN"]

1. d4 Nf6 2. Nf3 c5 3. e3 d5 4. c4 e6 5. a3 Be7 6. dxc5 O-O 7. Nbd2 Bxc5 8. b4 Be7 9. Bb2 a5 10. b5 Nbd7 11. Bd3 Nc5 12. Bc2 b6 13. O-O Bb7 14. Qe2 Rc8 15. Rfd1 h6 16. Rac1 Re8 17. cxd5 exd5 18. Bf5 Ne6 19. Rxc8 Bxc8 20. Ne5 Nf4 21. exf4 Bxf5 22. Nc6 Bc5 23. Qf3 Bg4 24. Nxd8 Bxf3 25. Nxf3 Rxd8 26. Nd4 Re8 27. Kf1 Ne4 28. Nb3 Nxf2 29. Rxd5 Ng4 30. Bd4 Bxd4 31. Rxd4 Nxh2+ 32. Kf2 Ng4+ 33. Kf3 h5 34. Rd3 g5 35. Nd2 gxf4 36. Kxf4 Re2 37. Nc4 Re6 38. Rd6 Nf6 39. Rxe6 Nd5+ 40. Ke5 fxe6 41. Kxe6 Nc7+ 42. Kf6 Nxb5 43. a4 Nc3 44. Nxb6 Ne2 45. Kg5 Kf7 46. Nd5 Ke6 1/2-1/2

[Event "CYCC U12"]
[Site "Windsor CAN"]
[Date "2010.07.08"]
[Round "5"]
[White "Song, Michael"]
[Black "Wang, Richard"]
[Result "1-0"]
[WhiteElo "1866"]
[BlackElo "2318"]
[PlyCount "131"]
[GameId "2160767909964992"]
[EventDate "2010.07.06"]
[EventType "swiss"]
[EventRounds "7"]
[EventCountry "CAN"]
[SourceTitle "EXT 2012"]
[Source "ChessBase"]
[SourceDate "2011.11.24"]
[SourceVersion "1"]
[SourceVersionDate "2011.11.24"]
[SourceQuality "1"]

1. c4 c5 2. Nc3 Nc6 3. g3 g6 4. Bg2 Bg7 5. Nf3 d6 6. d3 Qd7 7. O-O b6 8. Bd2 Bb7 9. Qa4 Nh6 10. a3 O-O 11. Nd5 f5 12. Ng5 Bxb2 13. Ra2 Bf6 14. Ne6 Qxe6 15. Bxh6 Rfc8 16. Nc7 Qd7 17. Bd5+ Kh8 18. Nxa8 Bxa8 19. Bc1 e6 20. Bg2 Qg7 21. Bxc6 Bxc6 22. Qc2 d5 23. Bb2 d4 24. e4 g5 25. f3 h5 26. Qe2 Re8 27. g4 Qg6 28. h3 Kg7 29. Qh2 f4 30. a4 Bd8 31. Bc1 Bc7 32. Qe2 Rh8 33. Rf2 a6 34. Rh2 Qe8 35. Qc2 Kf6 36. Bb2 Ke5 37. Bc1 Kd6 38. Bb2 hxg4 39. hxg4 Rxh2 40. Kxh2 Qb8 41. Ra1 Kd7 42. Rh1 Kd6 43. Rc1 Qh8+ 44. Kg2 Qh4 45. Qf2 Qxf2+ 46. Kxf2 Bxa4 47. Ba3 Kc6 48. Ke2 Bd6 49. Kd2 b5 50. Bb2 Kb6 51. cxb5 axb5 52. Rh1 Be5 53. Rh6 Bb3 54. Rg6 c4 55. Rxe6+ Ka5 56. Rxe5 c3+ 57. Bxc3+ dxc3+ 58. Kxc3 Bd1 59. Rxg5 Bxf3 60. e5 Bd5 61. Rf5 f3 62. g5 b4+ 63. Kb2 Kb6 64. g6 Kc6 65. g7 Kd7 66. Rxf3 1-0

[Event "CYCC U12"]
[Site "Windsor CAN"]
[Date "2010.07.08"]
[Round "6"]
[White "Wang, Richard"]
[Black "Nasir, Zehn"]
[Result "1-0"]
[WhiteElo "2318"]
[BlackElo "1667"]
[PlyCount "73"]
[GameId "2160767909965013"]
[EventDate "2010.07.06"]
[EventType "swiss"]
[EventRounds "7"]
[EventCountry "CAN"]
[SourceTitle "EXT 2012"]
[Source "ChessBase"]
[SourceDate "2011.11.24"]
[SourceVersion "1"]
[SourceVersionDate "2011.11.24"]
[SourceQuality "1"]

1. d4 Nf6 2. Nf3 e6 3. e3 d5 4. Bd3 Nc6 5. O-O Bd6 6. b3 Bd7 7. Bb2 Qe7 8. c4 O-O 9. c5 Bxh2+ 10. Nxh2 e5 11. Nd2 e4 12. Be2 Rab8 13. a3 b6 14. b4 Qe6 15. Bb5 Qf5 16. Bxc6 Bxc6 17. f3 Qg6 18. fxe4 dxe4 19. Nc4 Qg5 20. Re1 Bd5 21. Ne5 bxc5 22. dxc5 Rfd8 23. Bd4 Re8 24. Neg4 Kh8 25. Nxf6 gxf6 26. Ng4 Re6 27. Nxf6 Rxf6 28. Bxf6+ Qxf6 29. Qxd5 Qg6 30. Qe5+ f6 31. Qxc7 Rg8 32. Re2 Qg4 33. Rf2 Qg5 34. Qf4 Qh5 35. Qxf6+ Rg7 36. Qd8+ Rg8 37. Qd4+ 1-0

[Event "CYCC U12"]
[Site "Windsor CAN"]
[Date "2010.07.09"]
[Round "7"]
[White "Plotkin, Mark"]
[Black "Wang, Richard"]
[Result "0-1"]
[WhiteElo "1826"]
[BlackElo "2318"]
[PlyCount "110"]
[GameId "2160767909965025"]
[EventDate "2010.07.06"]
[EventType "swiss"]
[EventRounds "7"]
[EventCountry "CAN"]
[SourceTitle "EXT 2012"]
[Source "ChessBase"]
[SourceDate "2011.11.24"]
[SourceVersion "1"]
[SourceVersionDate "2011.11.24"]
[SourceQuality "1"]

1. e4 c5 2. c3 d5 3. exd5 Qxd5 4. d4 Nc6 5. dxc5 Qxd1+ 6. Kxd1 e5 7. Be3 f5 8. g3 Nf6 9. f3 a5 10. Bb5 Be6 11. Nd2 Be7 12. Nc4 Bxc4 13. Bxc4 a4 14. Ne2 Ra5 15. Be6 g6 16. Kc2 Bxc5 17. Bxc5 Rxc5 18. a3 Ke7 19. Ba2 b5 20. Rad1 Rb8 21. Rhe1 b4 22. axb4 Nxb4+ 23. Kb1 Nbd5 24. f4 e4 25. Rc1 Ng4 26. Bxd5 Rxd5 27. h3 Nf2 28. Nd4 Rd6 29. g4 Kf6 30. gxf5 gxf5 31. Rc2 Nd3 32. Re3 Rdb6 33. b3 axb3 34. Rxd3 bxc2+ 35. Kxc2 exd3+ 36. Kxd3 Rd8 37. Ke3 Rxd4 38. Kxd4 Rd6+ 39. Ke3 Rd1 40. c4 Ke6 41. Kf3 Rc1 42. Kg3 Rxc4 43. Kh4 Rxf4+ 44. Kh5 Rf3 45. h4 Rh3 46. Kg5 Ke5 47. h5 f4 48. h6 Rxh6 49. Kxh6 f3 50. Kxh7 f2 51. Kg8 f1=Q 52. Kg7 Qf6+ 53. Kg8 Qe7 54. Kh8 Kf6 55. Kg8 Qg7# 0-1

[Event "Calgary int."]
[Site "Calgary CAN"]
[Date "2010.05.20"]
[Round "1.6"]
[White "Wang, Richard"]
[Black "Porper, Edward"]
[Result "0-1"]
[WhiteElo "2149"]
[BlackElo "2431"]
[PlyCount "68"]
[GameId "2160767909990303"]
[EventDate "2010.05.20"]
[EventType "swiss"]
[EventRounds "9"]
[EventCountry "CAN"]

1. d4 e6 2. Nf3 f5 3. g3 Nf6 4. c4 Be7 5. Bg2 O-O 6. O-O Ne4 7. Nbd2 Bf6 8. Qc2 d5 9. b3 Nc6 10. Ba3 Re8 11. e3 a5 12. Nxe4 fxe4 13. Nd2 Nb4 14. Bxb4 axb4 15. f3 exf3 16. Nxf3 Bd7 17. Qd2 dxc4 18. bxc4 c5 19. Rab1 Bc6 20. dxc5 Bc3 21. Qxd8 Rexd8 22. Bh3 Rxa2 23. Bxe6+ Kh8 24. Rf2 Rxf2 25. Kxf2 Be4 26. Rf1 b3 27. Bd5 Bd3 28. Rd1 b2 29. Ng5 Rf8+ 30. Kg2 b1=Q 31. Rxb1 Bxb1 32. Nf7+ Rxf7 33. Bxf7 Be4+ 34. Kf2 Bb4 0-1

[Event "Calgary int."]
[Site "Calgary CAN"]
[Date "2010.05.21"]
[Round "2"]
[White "Haessel, Dale"]
[Black "Wang, Richard"]
[Result "1-0"]
[WhiteElo "2207"]
[BlackElo "2149"]
[PlyCount "95"]
[GameId "2160767909990309"]
[EventDate "2010.05.20"]
[EventType "swiss"]
[EventRounds "9"]
[EventCountry "CAN"]
[SourceTitle "CBM 136 Extra"]
[Source "ChessBase"]
[SourceDate "2010.07.02"]
[SourceVersion "2"]
[SourceVersionDate "2010.07.15"]
[SourceQuality "1"]

1. d4 d5 2. c4 c6 3. Nf3 Nf6 4. e3 Bf5 5. Nc3 e6 6. Nh4 Bg6 7. Nxg6 hxg6 8. Qb3 Qb6 9. g3 Nbd7 10. Bg2 Be7 11. O-O O-O 12. Rd1 Rfd8 13. c5 Qc7 14. Qc2 e5 15. b4 a5 16. b5 b6 17. cxb6 Nxb6 18. dxe5 Qxe5 19. Bb2 Qe6 20. Rac1 Rac8 21. bxc6 Rxc6 22. Qb3 Bb4 23. Ne2 Rxc1 24. Rxc1 Nc4 25. Nf4 Qf5 26. Nxd5 Nd2 27. Qxb4 Rxd5 28. Qb8+ Kh7 29. Qf4 Qxf4 30. gxf4 Nfe4 31. Rc2 Rd8 32. f3 Nf6 33. Bd4 Nb1 34. Bf1 Nd5 35. Rb2 Na3 36. Bc5 Nb4 37. Bxb4 axb4 38. Kf2 Rd1 39. Ba6 Rh1 40. Kg2 Rb1 41. Rxb1 Nxb1 42. Kf2 Nc3 43. Bc4 Kg8 44. Ke1 Kf8 45. Kd2 Na4 46. Kd3 Ke7 47. Bb3 Nb6 48. Kd4 1-0

[Event "Calgary int."]
[Site "Calgary CAN"]
[Date "2010.05.21"]
[Round "3"]
[White "Neven, Knut"]
[Black "Wang, Richard"]
[Result "0-1"]
[WhiteElo "2180"]
[BlackElo "2149"]
[PlyCount "76"]
[GameId "2160767909990318"]
[EventDate "2010.05.20"]
[EventType "swiss"]
[EventRounds "9"]
[EventCountry "CAN"]
[SourceTitle "CBM 136 Extra"]
[Source "ChessBase"]
[SourceDate "2010.07.02"]
[SourceVersion "2"]
[SourceVersionDate "2010.07.15"]
[SourceQuality "1"]

1. e4 c5 2. Nf3 d6 3. d4 cxd4 4. Nxd4 Nf6 5. Nc3 g6 6. Be3 Bg7 7. f3 Nc6 8. Qd2 Bd7 9. O-O-O Rc8 10. Kb1 Na5 11. g4 h5 12. g5 Nh7 13. f4 Nc4 14. Bxc4 Rxc4 15. f5 O-O 16. Qd3 Rc8 17. Nd5 e6 18. f6 exd5 19. fxg7 Kxg7 20. exd5 Re8 21. h4 Nf8 22. Bd2 Bg4 23. Bc3 Kg8 24. Rdf1 Nd7 25. Ne6 Bxe6 26. dxe6 Rxe6 27. Qf3 Qe8 28. Qxb7 Nc5 29. Qxa7 Re7 30. Qa5 Ne4 31. Bf6 Rec7 32. Rc1 Ra8 33. Qd5 Rc5 34. Qd4 Ra4 35. c4 Raxc4 36. Rxc4 Rxc4 37. Qd3 Nd2+ 38. Ka1 Qc6 0-1

[Event "Calgary int."]
[Site "Calgary CAN"]
[Date "2010.05.22"]
[Round "4.8"]
[White "Wang, Richard"]
[Black "Me, Kevin"]
[Result "1-0"]
[WhiteElo "2149"]
[BlackElo "2103"]
[PlyCount "107"]
[GameId "2160767909990332"]
[EventDate "2010.05.20"]
[EventType "swiss"]
[EventRounds "9"]
[EventCountry "CAN"]

1. d4 Nf6 2. Nf3 g6 3. Bg5 Bg7 4. Nbd2 c5 5. Bxf6 Bxf6 6. Ne4 Bxd4 7. Nxd4 cxd4 8. Qxd4 O-O 9. O-O-O Nc6 10. Qd2 Qa5 11. Nc3 d6 12. h4 Be6 13. h5 Ne5 14. e4 Rac8 15. f4 Ng4 16. hxg6 fxg6 17. f5 Rxc3 18. Qxc3 Qxc3 19. bxc3 Nf2 20. fxe6 Nxh1 21. Bc4 Nf2 22. Rd4 Ng4 23. Bd5 b6 24. Rc4 Rf1+ 25. Kb2 Ne3 26. Rc7 Kf8 27. Rxa7 Nxd5 28. exd5 Rg1 29. Rb7 Rxg2 30. Rxb6 h5 31. a4 h4 32. a5 h3 33. a6 h2 34. a7 h1=Q 35. a8=Q+ Kg7 36. Qe8 Rg1 37. Qxe7+ Kh6 38. Qxd6 Rb1+ 39. Ka2 Ra1+ 40. Kb3 Rb1+ 41. Ka4 Rxb6 42. Qxb6 Qxd5 43. Qe3+ g5 44. e7 Qc6+ 45. Kb3 Qb5+ 46. Ka3 Qa5+ 47. Kb2 Qb5+ 48. Kc1 Qe8 49. Qe6+ Kg7 50. c4 g4 51. Qxg4+ Kf7 52. Qh5+ Kxe7 53. Qxe8+ Kxe8 54. Kd2 1-0

[Event "Calgary int."]
[Site "Calgary CAN"]
[Date "2010.05.22"]
[Round "5.6"]
[White "Wang, Richard"]
[Black "MacKinnon, Keith"]
[Result "1-0"]
[WhiteElo "2149"]
[BlackElo "2140"]
[PlyCount "51"]
[GameId "2160767909990341"]
[EventDate "2010.05.20"]
[EventType "swiss"]
[EventRounds "9"]
[EventCountry "CAN"]

1. d4 Nf6 2. Nf3 e6 3. e3 d5 4. Bd3 Nbd7 5. O-O b6 6. Nbd2 Bb7 7. Re1 c5 8. b3 Be7 9. Bb2 O-O 10. Ne5 Nxe5 11. dxe5 Nd7 12. f4 Qc7 13. Qg4 Rfe8 14. e4 Rad8 15. exd5 exd5 16. Bb5 Bf8 17. e6 fxe6 18. Rxe6 Bc8 19. Rae1 Rxe6 20. Qxe6+ Kh8 21. Qf7 c4 22. Bd4 Qd6 23. Nf3 a6 24. Bxd7 Qxd7 25. Ng5 Bc5 26. Bxc5 1-0

[Event "Calgary int."]
[Site "Calgary CAN"]
[Date "2010.05.23"]
[Round "6"]
[White "Fedorowicz, John"]
[Black "Wang, Richard"]
[Result "1-0"]
[WhiteElo "2456"]
[BlackElo "2149"]
[PlyCount "67"]
[GameId "2160767909990343"]
[EventDate "2010.05.20"]
[EventType "swiss"]
[EventRounds "9"]
[EventCountry "CAN"]
[SourceTitle "CBM 136 Extra"]
[Source "ChessBase"]
[SourceDate "2010.07.02"]
[SourceVersion "2"]
[SourceVersionDate "2010.07.15"]
[SourceQuality "1"]

1. c4 c6 2. e4 d5 3. exd5 cxd5 4. d4 Nc6 5. cxd5 Qxd5 6. Nf3 Bg4 7. Be2 e6 8. h3 Bh5 9. Nc3 Qa5 10. d5 exd5 11. O-O Be7 12. Qb3 Qb4 13. Nxd5 Qxb3 14. axb3 O-O-O 15. Rd1 Bc5 16. b4 Nxb4 17. Nxb4 Rxd1+ 18. Bxd1 Bxb4 19. Rxa7 Kb8 20. Ra4 Bd6 21. g4 Bg6 22. Nd4 Ne7 23. Nb5 Bc7 24. Nxc7 Kxc7 25. Bf4+ Kd7 26. Rb4 Nd5 27. Ba4+ Ke6 28. Bb3 Rd8 29. Rxb7 Be4 30. Kh2 Kf6 31. Bd2 Rd6 32. h4 h6 33. Kg3 g5 34. h5 1-0

[Event "Calgary int."]
[Site "Calgary CAN"]
[Date "2010.05.23"]
[Round "7"]
[White "Day, Lawrence"]
[Black "Wang, Richard"]
[Result "0-1"]
[WhiteElo "2288"]
[BlackElo "2149"]
[PlyCount "122"]
[GameId "2160767909990350"]
[EventDate "2010.05.20"]
[EventType "swiss"]
[EventRounds "9"]
[EventCountry "CAN"]
[SourceTitle "CBM 136 Extra"]
[Source "ChessBase"]
[SourceDate "2010.07.02"]
[SourceVersion "2"]
[SourceVersionDate "2010.07.15"]
[SourceQuality "1"]

1. e4 c5 2. Nc3 e6 3. Nge2 Nc6 4. g3 d5 5. d3 Nf6 6. Bg2 Be7 7. O-O O-O 8. h3 d4 9. Nb1 e5 10. f4 Ne8 11. Nd2 f6 12. Nf3 Nd6 13. c4 dxc3 14. bxc3 Be6 15. Qc2 Rc8 16. a4 b6 17. g4 h6 18. Nh4 Bf7 19. Nf5 Nxf5 20. gxf5 c4 21. dxc4 Bc5+ 22. Kh1 Bxc4 23. Rd1 Qe7 24. Ng3 Rfd8 25. Bf1 Bf7 26. Be2 Bd6 27. fxe5 Qxe5 28. Rg1 Nb4 29. Qb1 Nd5 30. Bb2 Nxc3 31. Qe1 Qa5 32. Nh5 Bxh5 33. Bxh5 Qe5 34. Rg2 Bb4 35. Bd1 Nxd1 36. Rxg7+ Kh8 37. Bxe5 Bxe1 38. Bxf6 Bc3 39. e5 Nf2+ 40. Kg2 Ne4 41. Bxd8 Kxg7 42. Rd1 Bxe5 43. Rd7+ Kg8 44. Bh4 Rc7 45. Rd8+ Kf7 46. Kf3 Nf6 47. Be1 Rd7 48. Ra8 Rc7 49. Bd2 h5 50. Bh6 Ke7 51. Be3 Kd7 52. Rf8 Kc6 53. Bf4 Kd5 54. Bg5 Rc3+ 55. Ke2 Nh7 56. Rd8+ Ke4 57. Bd2 Rxh3 58. Rd7 Nf6 59. Rxa7 Rh2+ 60. Kd1 Kd3 61. Be1 Ra2 0-1

[Event "Calgary int."]
[Site "Calgary CAN"]
[Date "2010.07.24"]
[Round "8.4"]
[White "Wang, Richard"]
[Black "Torre, Eugenio"]
[Result "0-1"]
[WhiteElo "2149"]
[BlackElo "2506"]
[PlyCount "64"]
[GameId "2160767909990364"]
[EventDate "2010.05.20"]
[EventType "swiss"]
[EventRounds "9"]
[EventCountry "CAN"]

1. d4 d6 2. Nf3 Bg4 3. Nbd2 Nf6 4. c3 e6 5. g3 Nbd7 6. Bg2 d5 7. O-O Be7 8. Re1 O-O 9. Qb3 Qc8 10. e4 c6 11. exd5 cxd5 12. Ne5 Nxe5 13. Rxe5 Rd8 14. f4 Bf5 15. Re1 Qc7 16. a4 Bd6 17. a5 Rab8 18. c4 dxc4 19. Nxc4 Bf8 20. Be3 Be4 21. Bxe4 Nxe4 22. Rac1 Qd7 23. d5 Nc5 24. Bxc5 Bxc5+ 25. Ne3 Qxd5 26. Qxd5 Rxd5 27. Kf1 Bxe3 28. Rxe3 Rxa5 29. Rc7 Rb5 30. b3 Rd5 31. Rec3 Kf8 32. R3c4 Ke8 0-1

[Event "Calgary int."]
[Site "Calgary CAN"]
[Date "2010.05.24"]
[Round "9.7"]
[White "Wang, Richard"]
[Black "Gardner, Robert"]
[Result "0-1"]
[WhiteElo "2149"]
[BlackElo "2144"]
[PlyCount "48"]
[GameId "2160767909990373"]
[EventDate "2010.05.20"]
[EventType "swiss"]
[EventRounds "9"]
[EventCountry "CAN"]

1. d4 Nf6 2. Nf3 e6 3. e3 c5 4. Bd3 d5 5. b3 b6 6. O-O Be7 7. Bb2 Bb7 8. Ne5 O-O 9. Nd2 Nbd7 10. f4 Ne4 11. Nxe4 dxe4 12. Bc4 Nxe5 13. fxe5 Bg5 14. Qe2 a6 15. a4 Bd5 16. Bxa6 Rxa6 17. Qxa6 Bxe3+ 18. Kh1 Bxd4 19. c3 Bxe5 20. Qe2 Qh4 21. g3 e3+ 22. Rf3 Bxg3 23. Raf1 Bf2 24. c4 Bb7 0-1

[Event "Edmonton ch"]
[Site "Edmonton CAN"]
[Date "2010.01.07"]
[Round "1"]
[White "Wang, Richard"]
[Black "Pua, Richard"]
[Result "1-0"]
[WhiteElo "2154"]
[BlackElo "1985"]
[PlyCount "97"]
[GameId "2160767910029433"]
[EventDate "2010.01.07"]
[EventType "k.o."]
[EventRounds "8"]
[EventCountry "CAN"]
[SourceTitle "EXT 2011"]
[Source "ChessBase"]
[SourceDate "2011.11.26"]
[SourceVersion "1"]
[SourceVersionDate "2011.11.26"]
[SourceQuality "1"]

1. d4 d5 2. Nf3 c5 3. e3 Nf6 4. b3 Bg4 5. Bb2 e6 6. Bd3 Nc6 7. O-O Bd6 8. Nbd2 O-O 9. c4 Rc8 10. Rc1 cxd4 11. exd4 Qc7 12. Qe1 Nd7 13. h3 Bh5 14. Ng5 Nf6 15. g3 h6 16. Ngf3 Bxf3 17. Nxf3 Rfe8 18. c5 Bf8 19. b4 e5 20. dxe5 Nd7 21. Qd2 Ndxe5 22. Nxe5 Nxe5 23. Be2 Rcd8 24. f4 Nc4 25. Bxc4 dxc4 26. Qf2 Re4 27. Rfe1 Qc6 28. Rc3 Rd3 29. Rxd3 Rxe1+ 30. Qxe1 cxd3 31. Qe3 Qd5 32. Bc3 a5 33. a3 axb4 34. axb4 g6 35. Kf2 Bg7 36. Qe8+ Bf8 37. Qe5 Qxe5 38. Bxe5 f5 39. Ke3 Kf7 40. Kxd3 Ke6 41. Kc4 Be7 42. b5 h5 43. h4 Bd8 44. c6 bxc6 45. bxc6 Bb6 46. Kb5 Bd8 47. c7 Bxc7 48. Bxc7 Kd5 49. Bd8 1-0